000 00181 a2200097 4500
020 _a9780439768726
041 _aspa
100 _aGordon Korman
245 _aInmersin̤
942 _cBK
999 _c28993
_d28991